MR.PLOD AND LITTLE NODDY (Record no. 73684)

MARC details
000 -LEADER
fixed length control field 00430nam a2200181Ia 4500
008 - FIXED-LENGTH DATA ELEMENTS--GENERAL INFORMATION
fixed length control field 090123s9999 xx 000 0 und d
082 ## - DEWEY DECIMAL CLASSIFICATION NUMBER
Item number 35617
100 ## - MAIN ENTRY--PERSONAL NAME
Personal name ENID BLYTON
245 ## - TITLE STATEMENT
Title MR.PLOD AND LITTLE NODDY
250 ## - EDITION STATEMENT
Edition statement 0
260 ## - PUBLICATION, DISTRIBUTION, ETC. (IMPRINT)
Name of publisher, distributor, etc PURNELL PUBLISHERS
300 ## - PHYSICAL DESCRIPTION
Extent 60
600 ## - SUBJECT ADDED ENTRY--PERSONAL NAME
Personal name ENID BLYTON
630 ## - SUBJECT ADDED ENTRY--UNIFORM TITLE
Uniform title MR.PLOD AND LITTLE NODDY
700 ## - ADDED ENTRY--PERSONAL NAME
Personal name ENID BLYTON
730 ## - ADDED ENTRY--UNIFORM TITLE
Uniform title MR.PLOD AND LITTLE NODDY
942 ## - ADDED ENTRY ELEMENTS (KOHA)
Koha item type Book
Holdings
Withdrawn status Lost status Damaged status Not for loan Home library Current library Date acquired Cost, normal purchase price Total Checkouts Full call number Barcode Date last seen Cost, replacement price Price effective from Koha item type
  Missing from bundle     Jawahar Wachalanalaya, Kalwa Jawahar Wachalanalaya, Kalwa 09/15/2003 0.00   35617 KLW-35617 01/23/2009 0.00 01/23/2009 Book